Detalles MARC
| 000 -CABECERA |
| campo de control de longitud fija |
03314nam a2200313 i 4500 |
| 003 - IDENTIFICADOR DEL NÚMERO DE CONTROL |
| campo de control |
vecauma |
| 005 - FECHA Y HORA DE LA ÚLTIMA TRANSACCIÓN |
| campo de control |
20250912120641.0 |
| 007 - CAMPO FIJO DE DESCRIPCIÓN FÍSICA--INFORMACIÓN GENERAL |
| campo de control de longitud fija |
ta |
| 008 - DATOS DE LONGITUD FIJA--INFORMACIÓN GENERAL |
| campo de control de longitud fija |
250905t1971 ag |||||r|||| 00| 0 spa d |
| 040 ## - FUENTE DE LA CATALOGACIÓN |
| Centro catalogador/agencia de origen |
vecauma |
| Lengua de catalogación |
spa |
| Centro/agencia transcriptor |
vecauma |
| Centro/agencia modificador |
vecauma |
| Normas de descripción |
rda |
| 041 1# - CÓDIGO DE LENGUA |
| Código de lengua del recurso |
spa |
| Código idioma del recurso original |
fre |
| 099 ## - Cota |
| Número de clasificación |
HN58 |
| Cutter |
R48 |
| 100 1# - AUTOR PERSONAL |
| Nombre de persona |
Revel, Jean-François, |
| Fechas asociadas al nombre |
1924-2006 |
| Término indicativo de función/relación |
autor |
| 9 (RLIN) |
5524 |
| 245 10 - MENCIÓN DE TÍTULO |
| Título |
Ni Marx ni Jesús : |
| Resto del título |
de la segunda revolución americana a la segunda revolución mundial / |
| Mención de responsabilidad, etc. |
Jean-François Revel |
| 264 #1 - PRODUCCIÓN, PUBLICACIÓN, DISTRIBUCIÓN, FABRICACIÓN Y COPYRIGHT |
| Producción, publicación, distribución, fabricación y copyright |
Buenos Aires, Argentina : |
| Nombre del de productor, editor, distribuidor, fabricante |
Emecé, |
| Fecha de producción, publicación, distribución, fabricación o copyright |
1971. |
| 264 #4 - PRODUCCIÓN, PUBLICACIÓN, DISTRIBUCIÓN, FABRICACIÓN Y COPYRIGHT |
| Fecha de producción, publicación, distribución, fabricación o copyright |
©1971. |
| 300 #1 - DESCRIPCIÓN FÍSICA |
| Extensión |
223 páginas. |
| 336 ## - TIPO DE CONTENIDO |
| Término de tipo de contenido |
texto |
| Código de tipo de contenido |
txt |
| Fuente |
rdacontenido |
| 337 ## - TIPO DE MEDIO |
| Nombre/término del tipo de medio |
no mediado |
| Código del tipo de medio |
n |
| Fuente |
rdamedio |
| 338 ## - TIPO DE SOPORTE |
| Nombre/término del tipo de soporte |
volumen |
| Código del tipo de soporte |
nc |
| Fuente |
rdasoporte |
| 504 ## - NOTA DE BIBLIOGRAFÍA, ETC. |
| Nota de bibliografía, etc. |
Incluye referencias bibliográficas. |
| 505 0# - NOTA DE CONTENIDO CON FORMATO |
| Nota de contenido con formato |
La segunda revolución norteamericana. -- Las cinco condiciones de una revolución. -- No hubo revolución en los países comunistas. -- No habrá revolución en Europa occidental. -- Un ejemplo de revolución imposible. -- No habrá revolución en el Tercer Mundo. --<br/>De la primera a la segunda revolución mundial. -- El terror bilimenarista y el fin de la "política exterior". -- Se puede ir de la libertad al socialismo, no del socialismo a la libertad. -- Violencia y revolución. -- El antinorteamericano y la revolución norteamericana. -- Una nueva dinámica revolucionaria. -- La información-Revolución. -- Los Estados Unidos, detonante revolucionario. -- Derechos y medios. -- Ni Marx ni Jesús. <br/> |
| 520 3# - SUMARIO, ETC. |
| Sumario, etc. |
La revolución de la segunda mitad del siglo XX se producirá en los Estados Unidos: en verdad, ya ha comenzado a desarrollarse allí. Esta afirmación escandalizará en Europa y el Tercer Mundo a los espíritus acostumbrados a considerar a los Estados Unidos como el país conservador por excelencia. Sin embargo, es en América del Norte donde se inventó el nuevo método revolucionario llamado contestación; es en América del Norte donde, por primera vez en la historia, una masa poderosa ha protestado contra el imperialismo de su propio Gobierno, y donde ha comenzado la revuelta de los jóvenes, el combate por la igualdad real de los sexos, el repudio de toda represión moral e, inclusive, a través del sufrimiento, la invención de una sociedad multirracial y de un policentrismo cultural. América del Norte está en vías de crear un modelo revolucionario para los demás países, el primer modelo en mucho tiempo, dentro de las sociedades desarrolladas, que no sea la copia de una revolución anterior. Hacia 1780, Francia era la nación más reaccionaria y, a la vez, más revolucionaria de Europa civilizada, esto es, el país donde en conflicto interno de la sociedad se situaba en el nivel más creador y tornaba ineluctable y provechoso un enfrentamiento. Hoy, América del Norte, mal que le pese a los adversarios de derecha y de izquierda, es el reservorio donde vuelven a convivir todos los conflictos y todas las posibilidades revolucionarias de nuestra época. |
| 534 ## - NOTA SOBRE LA VERSIÓN ORIGINAL |
| Frase introductoria |
Título original: |
| Mención de título del original |
Ni Marx, ni Jésus : de la second révolution américaine à la seconde révolution mondiale. |
| 650 10 - PUNTO DE ACCESO ADICIONAL DE MATERIA--TÉRMINO DE MATERIA |
| 9 (RLIN) |
2706 |
| Término de materia |
HISTORIA SOCIAL |
| Subdivisión cronológica |
1945- |
| 651 #0 - PUNTO DE ACCESO ADICIONAL DE MATERIA--NOMBRE GEOGRÁFICO |
| 9 (RLIN) |
3929 |
| Nombre geográfico |
ESTADOS UNIDOS |
| Subdivisión general |
CONDICIONES SOCIALES |
| Subdivisión cronológica |
1945- |
| 942 ## - ELEMENTOS DE ENTRADA AGREGADA (KOHA) |
| Fuente del sistema de clasificación o colocación |
Library of Congress Classification |
| Ocultar en OPAC |
No |
| Tipo de ítem Koha |
Libros |